Aerial triangulation (Record no. 113206)

MARC details
000 -LEADER
fixed length control field 00762cam a22002055a 4500
001 - CONTROL NUMBER
control field L154861
008 - FIXED-LENGTH DATA ELEMENTS--GENERAL INFORMATION
fixed length control field 120124s1960 xxk f 000 0 eng d
035 ## - SYSTEM CONTROL NUMBER
System control number (Sirsi) u154861
041 0# - LANGUAGE CODE
Language code of text/sound track or separate title eng
050 04 - LIBRARY OF CONGRESS CALL NUMBER
Classification number 523 $2 18
110 2# - MAIN ENTRY--CORPORATE NAME
Corporate name or jurisdiction name as entry element International Society for Photogrammetry
9 (RLIN) 1323
111 2# - MAIN ENTRY--MEETING NAME
Meeting name or jurisdiction name as entry element International Society for Photogrammetry Ninth International Conference
Location of meeting London
Date of meeting or treaty signing 5-22 September 1960
245 00 - TITLE STATEMENT
Title Aerial triangulation
Remainder of title the Commission III's general report
260 ## - PUBLICATION, DISTRIBUTION, ETC.
Place of publication, distribution, etc. Milan
Name of publisher, distributor, etc. ISP
Date of publication, distribution, etc. 1960
300 ## - PHYSICAL DESCRIPTION
Extent 40p.
Other physical details fold out tables
Dimensions 30cm.
520 ## - SUMMARY, ETC.
Summary, etc. Reports on research on aerial triangulation carried out by means of a questionnaire sent to organisations across the world.
651 #4 - SUBJECT ADDED ENTRY--GEOGRAPHIC NAME
Geographic name International
690 ## - LOCAL SUBJECT ADDED ENTRY--TOPICAL TERM (OCLC, RLIN)
Topical term or geographic name as entry element Measurement
9 (RLIN) 6256
942 ## - ADDED ENTRY ELEMENTS (KOHA)
Suppress in OPAC 0
Holdings
Withdrawn status Lost status Source of classification or shelving scheme Damaged status Not for loan Home library Current library Shelving location Date acquired Total Checkouts Full call number Barcode Date last seen Copy number Price effective from Koha item type
    Dewey Decimal Classification     London London Basement 24/01/2012   RESERVE 30013808 06/08/2019 1 06/08/2019 Book